| 000 | 00807nam a22002537a 4500 | ||
|---|---|---|---|
| 999 |
_c5717 _d5717 |
||
| 005 | 20251016135559.0 | ||
| 008 | 251016b ||||| |||| 00| 0 eng d | ||
| 020 | _a9781408880975 | ||
| 040 | _cKH8 | ||
| 082 | _a823.92 PER | ||
| 100 |
_aPERCIVA,TOM _eAuthor and Illustrator |
||
| 245 | _aPERFECTLY NORMAN | ||
| 260 |
_a50 Bedford Square , London WC1B 3DP _bBloomsbury Publishing Plc _c2017 |
||
| 300 |
_a32 pages _bcolour illustration _c29 cm x 23 cm |
||
| 520 | _aNorman has always been normal,perfectly normal until the day he grew a pair of wings! | ||
| 521 | _aAges 5 to 7 years old. | ||
| 650 | _a Self-acceptance | ||
| 650 | _aIndividuality | ||
| 650 | _aJuvenile fiction | ||
| 650 | _a Children's stories | ||
| 655 | _a Children's fiction | ||
| 655 | _aicture books | ||
| 942 |
_2ddc _cFIC |
||